|
|
|
|
| LEADER |
00000aam a2200000 i 4500 |
| 001 |
115612 |
| 003 |
CZ ZlUTB |
| 005 |
20260506094616.0 |
| 007 |
ta |
| 008 |
250820s2025 xr e 000 0 cze |
| 015 |
|
|
|a cnb003704940
|
| 020 |
|
|
|a 978-80-7335-999-7
|q (brožováno)
|
| 040 |
|
|
|a BOA001
|b cze
|d ZLD002
|e rda
|
| 072 |
|
7 |
|a 070
|x Noviny. Tisk. Žurnalistika
|2 Konspekt
|9 12
|
| 080 |
|
|
|a 351.758.1
|2 MRF
|
| 080 |
|
|
|a 342.727
|2 MRF
|
| 080 |
|
|
|a 070.13
|2 MRF
|
| 080 |
|
|
|a 342.732
|2 MRF
|
| 080 |
|
|
|a 34:070
|2 MRF
|
| 080 |
|
|
|a 316.774:32
|2 MRF
|
| 080 |
|
|
|a 316.774:316.3
|2 MRF
|
| 080 |
|
|
|a 316.772.4
|2 MRF
|
| 080 |
|
|
|a 070
|2 MRF
|
| 080 |
|
|
|a (0:82-4)
|2 MRF
|
| 100 |
1 |
|
|a Žantovský, Petr,
|d 1962-
|7 jn20000402963
|4 aut
|
| 245 |
1 |
0 |
|a Cenzura versus svoboda slova /
|c Petr Žantovský
|
| 250 |
|
|
|a Vydání první
|
| 264 |
|
1 |
|a Voznice :
|b Leda,
|c 2025
|
| 300 |
|
|
|a 302 stran ;
|c 20 cm
|
| 336 |
|
|
|a text
|b txt
|2 rdacontent
|
| 337 |
|
|
|a bez média
|b n
|2 rdamedia
|
| 338 |
|
|
|a svazek
|b nc
|2 rdacarrier
|
| 490 |
1 |
|
|a Agora
|
| 504 |
|
|
|a Obsahuje bibliografické odkazy
|
| 650 |
0 |
7 |
|a cenzura
|7 ph119104
|2 czenas
|
| 650 |
0 |
7 |
|a svoboda projevu
|7 ph126307
|2 czenas
|
| 650 |
0 |
7 |
|a svoboda tisku
|7 ph126309
|2 czenas
|
| 650 |
0 |
7 |
|a tiskové právo
|7 ph126658
|2 czenas
|
| 650 |
0 |
7 |
|a masmédia a politika
|7 ph426669
|2 czenas
|
| 650 |
0 |
7 |
|a masmédia a společnost
|7 ph551078
|2 czenas
|
| 650 |
0 |
7 |
|a mediální komunikace
|7 ph122737
|2 czenas
|
| 650 |
0 |
7 |
|a žurnalistika
|7 ph117282
|2 czenas
|
| 650 |
0 |
9 |
|a censorship
|2 eczenas
|
| 650 |
0 |
9 |
|a freedom of speech
|2 eczenas
|
| 650 |
0 |
9 |
|a freedom of the press
|2 eczenas
|
| 650 |
0 |
9 |
|a press law
|2 eczenas
|
| 650 |
0 |
9 |
|a mass media and politics
|2 eczenas
|
| 650 |
0 |
9 |
|a mass media and society
|2 eczenas
|
| 650 |
0 |
9 |
|a communication in mass media
|2 eczenas
|
| 650 |
0 |
9 |
|a journalism
|2 eczenas
|
| 655 |
|
7 |
|a eseje
|7 fd132213
|2 czenas
|
| 655 |
|
9 |
|a essays
|2 eczenas
|
| 710 |
2 |
|
|a Nakladatelství LEDA
|7 ko2003164912
|4 pbl
|
| 830 |
|
0 |
|a Agora (Leda)
|
| 910 |
|
|
|a ZLD002
|
| 942 |
|
|
|2 udc
|
| 952 |
|
|
|0 0
|1 0
|4 0
|6 070ŽANTOVSKÝP
|7 0
|8 BOOK
|9 191041
|a UTBZL
|b UTBZL
|c 006
|d 2026-05-06
|l 0
|o 070/ŽANTOVSKÝ,P.
|p 420010202079
|r 2026-05-06 09:47:07
|v 348.00
|w 2026-05-06
|x N:nákup
|y 04
|
| 992 |
|
|
|a BK
|b SKNEW
|
| 999 |
|
|
|c 115612
|d 115612
|